Ahmet Metin ve Şirzat : (Record no. 15857)

MARC details
000 -BAŞLIK
Sabit Uzunlukta Kontrol Alanı 00957nam a22002417a 4500
999 ## - SİSTEM KONTROL NUMARALARI (KOHA)
Koha Biblionumber 15857
Koha Biblioitemnumber 15857
003 - KONTROL NUMARASI IDENTIFIER
Denetim Alanı MIRAKIL
005 - SON İŞLEM TARİHİ VE ZAMANI
Denetim Alanı 20240402123716.0
008 - SABİT-BOY VERİ ELEMANLARI - GENEL BİLGİLER
Sabit Uzunlukta Kontrol Alanı 240402b tu ||||| |||| 00| 0 tur d
020 ## - ULUSLARARASI STANDART KİTAP NUMARASI
Uluslararası Standart Kitap Numarası 9789751625496
040 ## - KATALOGLAMA KAYNAK
Orijinal Kataloglama Ajansı TR-AnCHP
Metne Dönüştürmek Ajansı TR-AnCHP
041 ## - DİL KODU
Metin / Ses Parça Veya Ayrı Başlığın Dil Kodu tur
082 ## - DEWEY ONLU SINIFLANDIRMA NUMARASI
Sınıflandırma Numarası 813.42
Ürün Numarası E23b 2013
100 ## - ANA GİRİŞ - KİŞİSEL İSİM
Kişisel Ad Ahmet Midhat Efendi
245 10 - BAŞLIK TABLOSU
Başlık Ahmet Metin ve Şirzat :
Başlığın Kalan (Hakayık-ı tarihiye üzerine müesses roman) /
Sorumluluk Tablosu, Vb Ahmet Midhat Efendi ; hazırlayanlar: Fazıl Gökçek, Özlem Nemutlu.
260 ## - YAYIN, DAĞITIM, VB
Yayın, Dağıtım, Vb Yeri Ankara :
Yayıncı, Dağıtıcı, Vs Adı Türk Dil Kurumu,
Yayın, Dağıtım, Vb Tarihi 2013.
300 ## - FİZİKSEL TANIM
Kapsam 742 s. ;
Boyutlar 21 cm.
490 0# - SERİSİ TABLOSU
Seri Beyanı Atatürk Kültür, Dil ve Tarih Yüksek Kurumu Türk Dil Kurumu yayınları ;
Hacim / Ardışık Tanımı 1055.
490 0# - SERİSİ TABLOSU
Seri Beyanı Yeni Türk edebiyatı kaynak metinleri dizisi ;
Hacim / Ardışık Tanımı 2.
490 0# - SERİSİ TABLOSU
Seri Beyanı Ahmet Midhat Efendi bütün eserleri romanlar ;
Hacim / Ardışık Tanımı 17.
650 #0 - KONU KATMA GİRİŞ - TOPİKAL DÖNEM
9 (RLIN) 5539
Topikal Süreli Veya Coğrafi Ad Giriş Elemanı Türk Romanı
856 ## - ELEKTRONİK YER VE ERİŞİM
Kamu Notu Dijital Nüshası için Partimizin Kütüphane Sorumlusu ile iletişime geçiniz.
942 ## - EKLENDİ GİRİŞ ELEMANLARI (KOHA)
Sınıflandırma Veya Raf Düzeni Kaynak Dewey Decimal Classification
Koha Öğesi Türü Books
Holdings
Kalıcı Konum Mevcut Konum Edinme Tarihi Toplam Check-Out'Lar Tam Çağrı Numarası Barkod Tarih Son Görülme İtibaren Geçerli Fiyatlar Koha Öğesi Türü
CHP Kütüphanesi CHP Kütüphanesi 04/02/2024   813.42 E23b 2013 21808 04/02/2024 04/02/2024 Books